00345nam a2200121Ia 450000500170000000800410001702000180005808200250007610000380010124500450013926000270018430000120021120250329103823.0231217s9999 xx 000 0 und d a9788131414477 a025.06364 JAY;1 R aJaya Krishna, S. Naveen Kumar ed. 0aE-justice : perspectives and experiences c2008bIcfaiaHyderabad aix, 234